[Event "Nationale I"]
[Site "Avoine"]
[Date "2011.11.13"]
[Round "3.8"]
[White "Fayad, Erwan"]
[Black "Condeminas, Christian"]
[Result "1-0"]
[WhiteElo "1851"]
[BlackElo "1741"]
[PlyCount "65"]
[EventDate "2011.11.12"]
[EventType "team"]
[EventCountry "FRA"]
[SourceDate "2011.11.20"]
[WhiteTeam "JEEN"]
[BlackTeam "Loures barousses"]

1. e4 e6 2. d4 d5 3. Nd2 Nf6 4. e5 Nfd7 5. f4 c5 6. c3 Nc6 7. Ndf3 Qb6 8. Ne2
Be7 9. g3 O-O 10. Bh3 f5 11. g4 g6 12. gxf5 gxf5 13. Rg1+ Kh8 14. Ng5 Bxg5 15.
Rxg5 Qd8 16. Be3 h6 17. Rg3 c4 18. Bf2 b5 19. Ng1 Qe8 20. Bg2 Rg8 21. Bf3 Rxg3
22. Bxg3 Nf8 23. Bh4 Ng6 24. Bh5 Qg8 25. Bf6+ Kh7 26. Qf3 Bd7 27. Kf2 Be8 28.
Nh3 Bf7 29. Rg1 Qf8 30. Qg3 Qe8 31. Qh4 Nce7 32. Bxg6+ Nxg6 33. Ng5+ 1-0

[Event "Nationale I"]
[Site "Avoine"]
[Date "2011.12.13"]
[Round "3.1"]
[White "Fantinel, Thibault"]
[Black "Colin, Vincent"]
[Result "1/2-1/2"]
[WhiteElo "2300"]
[BlackElo "2415"]
[PlyCount "52"]
[EventDate "2011.11.12"]
[EventType "team"]
[EventCountry "FRA"]
[SourceDate "2011.11.20"]
[WhiteTeam "Agen"]
[BlackTeam "Lisieux"]

1. c4 Nf6 2. Nc3 c5 3. g3 d5 4. cxd5 Nxd5 5. Bg2 Nc7 6. Nf3 Nc6 7. O-O e5 8.
Ne1 h5 9. Nd3 f6 10. b3 h4 11. f4 hxg3 12. hxg3 Qd4+ 13. Rf2 exf4 14. Nxf4 Ne5
15. e3 Qd6 16. d4 Ng4 17. Rd2 Nxe3 18. Re2 cxd4 19. Ng6 Qxg3 20. Nxh8 Bd6 21.
Bxe3 dxe3 22. Nd5 Be6 23. Nxc7+ Bxc7 24. Qd3 Qh2+ 25. Kf1 Qf4+ 26. Kg1 Qh2+
1/2-1/2

[Event "Nationale I"]
[Site "Avoine"]
[Date "2011.11.13"]
[Round "3.2"]
[White "Coursaget, Nicolas"]
[Black "Favarel, Julien"]
[Result "1/2-1/2"]
[WhiteElo "2309"]
[BlackElo "2227"]
[PlyCount "50"]
[EventDate "2011.11.12"]
[EventType "team"]
[EventCountry "FRA"]
[SourceDate "2011.11.20"]
[WhiteTeam "Agen"]
[BlackTeam "Lisieux"]

1. d4 Nf6 2. Nf3 g6 3. Nc3 d5 4. Bf4 Bg7 5. e3 O-O 6. Be2 c5 7. O-O cxd4 8.
exd4 a6 9. Ne5 Nc6 10. Nxc6 bxc6 11. Be5 Nd7 12. Bxg7 Kxg7 13. Na4 e5 14. dxe5
Nxe5 15. Qd4 Qf6 16. Rad1 Rb8 17. c3 Bf5 18. Rd2 a5 19. Kh1 Rfe8 20. g4 Nxg4
21. Bxg4 Bxg4 22. Qxg4 Re4 23. Qd1 Rxa4 24. Qxa4 Qf3+ 25. Kg1 Rb4 1/2-1/2

[Event "Nationale I"]
[Site "Avoine"]
[Date "2011.11.13"]
[Round "3.3"]
[White "Grizou, Regis"]
[Black "Marie, Maxime"]
[Result "1-0"]
[WhiteElo "2186"]
[BlackElo "2202"]
[PlyCount "75"]
[EventDate "2011.11.12"]
[EventType "team"]
[EventCountry "FRA"]
[SourceDate "2011.11.20"]
[WhiteTeam "Agen"]
[BlackTeam "Lisieux"]

1. d4 Nf6 2. Nf3 e6 3. c4 Bb4+ 4. Bd2 a5 5. Nc3 O-O 6. Qc2 d5 7. e3 b6 8. cxd5
exd5 9. Rc1 Re8 10. Be2 Bb7 11. O-O c5 12. dxc5 bxc5 13. Rfd1 Nc6 14. Na4 Ne4
15. a3 Bxd2 16. Nxd2 Nxf2 17. Kxf2 Rxe3 18. Nf3 Nd4 19. Nxd4 cxd4 20. Bd3 Qg5
21. Kg1 Rae8 22. Rf1 h5 23. Nc5 Bc8 24. Qf2 R8e7 25. Qf4 Qe5 26. Qxe5 R7xe5 27.
Rf4 g5 28. Rxd4 h4 29. Bf1 Bf5 30. Nd3 Bxd3 31. Rxd3 R3e4 32. Rc5 Rf4 33. Rcxd5
Rff5 34. Rxe5 Rxe5 35. b4 g4 36. b5 Kf8 37. b6 Ke7 38. b7 1-0

[Event "Nationale I"]
[Site "Avoine"]
[Date "2011.11.13"]
[Round "3.5"]
[White "Le Hetet, Nicolas"]
[Black "Le Borgne, Pierre"]
[Result "1/2-1/2"]
[WhiteElo "2143"]
[BlackElo "2198"]
[PlyCount "109"]
[EventDate "2011.11.12"]
[EventType "team"]
[EventCountry "FRA"]
[SourceDate "2011.11.20"]
[WhiteTeam "Agen"]
[BlackTeam "Lisieux"]

1. e4 d6 2. d4 Nf6 3. Nc3 Nbd7 4. f4 e5 5. Nf3 exd4 6. Qxd4 c6 7. Bd2 d5 8.
exd5 Bc5 9. Qc4 O-O 10. O-O-O cxd5 11. Nxd5 Nxd5 12. Qxd5 Qc7 13. Bd3 Nf6 14.
Qg5 Be6 15. Kb1 Qb6 16. Rhf1 Rac8 17. Bc3 h6 18. Qg3 Be7 19. Bd4 Qa5 20. b3 Nh5
21. Qe1 Qxe1 22. Nxe1 Bg4 23. Rc1 Bb4 24. c3 Rfd8 25. h3 Ng3 26. hxg4 Nxf1 27.
Bxf1 Rxd4 28. cxb4 Rxc1+ 29. Kxc1 Rxf4 30. Be2 Rxb4 31. Bf3 b6 32. Kd2 Rd4+ 33.
Kc3 Rd7 34. b4 Kf8 35. a4 Ke7 36. Nc2 Kd6 37. Ne3 Ke5 38. Kc4 Rd4+ 39. Kb5 a6+
40. Kxb6 Rxb4+ 41. Ka5 Rf4 42. Nc2 g5 43. Nb4 Kd4 44. Nxa6 f5 45. gxf5 g4 46.
Bc6 Rxf5+ 47. Kb6 h5 48. Nc7 h4 49. a5 h3 50. gxh3 gxh3 51. a6 Rf6 52. a7 Rxc6+
53. Kxc6 h2 54. a8=Q h1=Q+ 55. Kb6 1/2-1/2

[Event "Nationale I"]
[Site "Avoine"]
[Date "2011.11.13"]
[Round "3.6"]
[White "Marchadour, Emilie"]
[Black "Marciniak, Gerard"]
[Result "1/2-1/2"]
[WhiteElo "2022"]
[BlackElo "2153"]
[PlyCount "82"]
[EventDate "2011.11.12"]
[EventType "team"]
[EventCountry "FRA"]
[SourceDate "2011.11.20"]
[WhiteTeam "Lisieux"]
[BlackTeam "Agen"]

1. d4 d6 2. e4 g6 3. f4 Bg7 4. Nf3 Nf6 5. Nc3 O-O 6. Be2 c5 7. dxc5 Qa5 8. O-O
Qxc5+ 9. Kh1 a6 10. Qd3 Nbd7 11. Na4 Qc6 12. Nc3 Qc7 13. Nd4 b5 14. Bf3 Bb7 15.
Re1 Nc5 16. Qd1 e6 17. Nb3 b4 18. Nxc5 Qxc5 19. Na4 Qa5 20. c3 Bc6 21. b3 bxc3
22. e5 Bxf3 23. Qxf3 dxe5 24. Qxc3 Qxc3 25. Nxc3 exf4 26. Bxf4 Ng4 27. Bd2 Rfd8
28. Ne4 Bxa1 29. Rxa1 Nf2+ 30. Nxf2 Rxd2 31. Ne4 Rc2 32. Kg1 Rac8 33. h3 Rc1+
34. Rxc1 Rxc1+ 35. Kh2 f5 36. Nf6+ Kg7 37. Nd7 Rc2 38. a4 a5 39. Ne5 Kf6 40.
Nc4 Rxc4 41. bxc4 Ke5 1/2-1/2

[Event "Nationale I"]
[Site "Avoine"]
[Date "2011.11.13"]
[Round "3.7"]
[White "Zaninetti, Laurent"]
[Black "Barbini, Denis"]
[Result "1/2-1/2"]
[WhiteElo "1990"]
[BlackElo "2116"]
[PlyCount "34"]
[EventDate "2011.11.12"]
[EventType "team"]
[EventCountry "FRA"]
[SourceDate "2011.11.20"]
[WhiteTeam "Agen"]
[BlackTeam "Lisieux"]

1. d4 d5 2. c4 c6 3. Nf3 Nf6 4. e3 e6 5. Nbd2 Nbd7 6. b3 Bd6 7. Bb2 O-O 8. Ne5
Ne4 9. Bd3 Nxe5 10. dxe5 Bb4 11. Bxe4 dxe4 12. a3 Bxd2+ 13. Qxd2 Qb6 14. Qb4
Rd8 15. Rd1 Rxd1+ 16. Kxd1 Bd7 17. Kc2 c5 $11 1/2-1/2

[Event "Nationale I"]
[Site "Avoine"]
[Date "2011.11.13"]
[Round "3.8"]
[White "Blanche, Paul"]
[Black "Mamah, Isabelle"]
[Result "1-0"]
[WhiteElo "2125"]
[BlackElo "1849"]
[PlyCount "143"]
[EventDate "2011.11.12"]
[EventType "team"]
[EventCountry "FRA"]
[SourceDate "2011.11.20"]
[WhiteTeam "Lisieux"]
[BlackTeam "Agen"]

1. d4 Nf6 2. c4 g6 3. Nc3 d5 4. Nf3 Bg7 5. e3 O-O 6. Qb3 c6 7. Bd2 a5 8. Bd3 a4
9. Qc2 Na6 10. a3 Be6 11. c5 Ne4 12. Nxa4 Nxd2 13. Nxd2 Nc7 14. Nb6 Rb8 15. b4
Na8 16. Nxa8 Rxa8 17. O-O Bd7 18. a4 e5 19. dxe5 Bxe5 20. Rab1 Bc7 21. e4 Qh4
22. g3 Qh5 23. exd5 cxd5 24. b5 Ba5 25. Nb3 Bh3 26. Be2 Qg5 27. Rfd1 Bc7 28.
Nd4 Rfd8 29. c6 b6 30. Kh1 Qe7 31. Rbc1 Qb4 32. Qd2 Qxd2 33. Rxd2 Rxa4 34. Rcd1
Rda8 35. f4 Ra2 36. Kg1 Bd6 37. Kf2 R2a4 38. Rd3 Bc8 39. Kg2 Ra2 40. R1d2 Bc5
41. Bf3 R2a5 42. Bxd5 Bxd4 43. Rxd4 Rxb5 44. Bf3 Be6 45. Rd8+ Rxd8 46. Rxd8+
Kg7 47. Rb8 Rb2+ 48. Kg1 Rb3 49. Kf2 Rb2+ 50. Ke3 Rb3+ 51. Ke2 b5 52. Kf2 Rxf3+
53. Kxf3 Bd5+ 54. Ke3 Bxc6 55. Rb6 Bd7 56. Kd4 h6 57. Ke5 h5 58. Kd6 Bh3 59.
Rxb5 Be6 60. Ke7 Kg8 61. Kf6 Bc4 62. Rb8+ Kh7 63. Rf8 Bb3 64. h4 Ba2 65. Rxf7+
Kh6 66. Rf8 Kh7 67. Kg5 Bb1 68. Rb8 Be4 69. Re8 Bf5 70. Re7+ Kg8 71. Kh6 Kf8
72. Rg7 1-0

[Event "Nationale I"]
[Site "Bordeaux"]
[Date "2011.11.12"]
[Round "2.2"]
[White "Kizov, Atanas"]
[Black "Prie, Eric"]
[Result "1/2-1/2"]
[WhiteElo "2408"]
[BlackElo "2490"]
[PlyCount "40"]
[EventDate "2011.11.12"]
[EventType "team"]
[EventCountry "FRA"]
[SourceDate "2011.11.20"]
[WhiteTeam "La Membrolle Choisille"]
[BlackTeam "Echiquier Bordelais"]

1. d4 d5 2. c4 dxc4 3. Nf3 a6 4. e3 b5 5. a4 Bb7 6. b3 e6 7. bxc4 bxc4 8. Bxc4
Nf6 9. O-O c5 10. Ba3 Be7 11. Bxc5 Bxc5 12. dxc5 Nbd7 13. a5 Rc8 14. Qe2 Nxc5
15. Nbd2 O-O 16. Rfb1 Qc7 17. h3 Rfd8 18. Qf1 g5 19. Be2 g4 20. hxg4 Nxg4
1/2-1/2

[Event "Nationale I"]
[Site "Bordeaux"]
[Date "2011.11.12"]
[Round "2.3"]
[White "Boudre, Jean Pierre"]
[Black "Bujisho, Benjamin"]
[Result "1/2-1/2"]
[WhiteElo "2294"]
[BlackElo "2386"]
[PlyCount "101"]
[EventDate "2011.11.12"]
[EventType "team"]
[EventCountry "FRA"]
[SourceDate "2011.11.20"]
[WhiteTeam "Echiquier Bordelais"]
[BlackTeam "La Membrolle Choisille"]

1. e4 c5 2. Nf3 d6 3. d4 cxd4 4. Nxd4 Nf6 5. Nc3 a6 6. Be2 e6 7. O-O Be7 8. Be3
Qc7 9. a4 Nc6 10. f4 O-O 11. Kh1 Re8 12. Bf3 Rb8 13. Qd2 Na5 14. b3 Nc6 15.
Nxc6 bxc6 16. g4 d5 17. g5 Nxe4 18. Nxe4 dxe4 19. Bxe4 c5 20. Qg2 c4 21. Bd4
Bc5 22. Be5 Bd6 23. Qh3 g6 24. Rae1 Bxe5 25. fxe5 cxb3 26. cxb3 Rb4 27. Bg2 Bb7
28. Re3 Rd8 29. Bxb7 Qxb7+ 30. Qf3 Rb8 31. h3 a5 32. Qxb7 R8xb7 33. Rff3 Rd7
34. Kg2 Rd5 35. Kg3 Rd1 36. Kf2 Rbd4 37. Rc3 R4d2+ 38. Kg3 Rg1+ 39. Kf4 Rd4+
40. Ke3 Rd7 41. Rc5 Rgd1 42. Rxa5 R1d3+ 43. Kf2 Rxf3+ 44. Kxf3 Rd3+ 45. Kg4
Rxb3 46. Rb5 Ra3 47. a5 Kg7 48. Rc5 h5+ 49. Kh4 Kg8 50. Rc8+ Kg7 51. Rc5
1/2-1/2

[Event "Nationale I"]
[Site "Bordeaux"]
[Date "2011.11.12"]
[Round "2.4"]
[White "Saucey, Michel"]
[Black "Guidez, Yann Michael"]
[Result "1/2-1/2"]
[WhiteElo "2247"]
[BlackElo "2263"]
[PlyCount "45"]
[EventDate "2011.11.12"]
[EventType "team"]
[EventCountry "FRA"]
[SourceDate "2011.11.20"]
[WhiteTeam "La Membrolle Choisille"]
[BlackTeam "Echiquier Bordelais"]

1. d4 Nf6 2. Nf3 e6 3. c4 d5 4. Nc3 Be7 5. Bf4 c6 6. e3 Nbd7 7. Qc2 dxc4 8.
Bxc4 b5 9. Be2 Bb7 10. O-O Rc8 11. Rfd1 O-O 12. Ne5 Qb6 13. a4 a5 14. Bf3 b4
15. Ne4 c5 16. Nc4 Bxe4 17. Bxe4 Qa6 18. Bd3 cxd4 19. exd4 Nb6 20. Rac1 Qa7 21.
Be5 Nxc4 22. Bxc4 Nd5 23. b3 $11 1/2-1/2

[Event "Nationale I"]
[Site "Bordeaux"]
[Date "2011.11.12"]
[Round "2.5"]
[White "Passager, Jean Pierre"]
[Black "Loiret, Stanislas"]
[Result "1/2-1/2"]
[WhiteElo "2209"]
[BlackElo "2244"]
[PlyCount "102"]
[EventDate "2011.11.12"]
[EventType "team"]
[EventCountry "FRA"]
[SourceDate "2011.11.20"]
[WhiteTeam "Echiquier Bordelais"]
[BlackTeam "La Membrolle Choisille"]

1. d4 Nf6 2. c4 e6 3. Nf3 c5 4. d5 exd5 5. cxd5 d6 6. e4 g6 7. h3 Bg7 8. Bd3
O-O 9. O-O Re8 10. Re1 Nbd7 11. Nbd2 Qe7 12. a4 Nh5 13. Nc4 Ne5 14. Nfxe5 Bxe5
15. Nxe5 Qxe5 16. Qf3 f5 17. g3 Bd7 18. Bh6 fxe4 19. Bxe4 Qf6 20. g4 Qxf3 21.
Bxf3 Nf6 22. Bf4 Bxa4 23. Rxe8+ Bxe8 24. Bxd6 Bf7 25. Bxc5 Bxd5 26. Bxd5+ Nxd5
27. Rxa7 Rc8 28. Bd6 Rc6 29. Be5 Re6 30. f4 g5 31. Ra5 Nxf4 32. Bxf4 gxf4 33.
Rb5 Re3 34. Kg2 Kg7 35. Rxb7+ Kg6 36. Rb6+ Kg5 37. Rb5+ Kg6 38. b4 Rb3 39. Kh2
Rb2+ 40. Kg1 Rb3 41. Kg2 h6 42. Kh2 Rb2+ 43. Kg1 f3 44. Kf1 Kg7 45. h4 Rh2 46.
h5 Rg2 47. Rb6 Kh7 48. Rb7+ Kh8 49. b5 Rxg4 50. b6 Rb4 51. Kf2 Rb3 1/2-1/2

[Event "Nationale I"]
[Site "Bordeaux"]
[Date "2011.11.12"]
[Round "2.6"]
[White "Egreteau, Eric"]
[Black "Ternault, Mathieu"]
[Result "1/2-1/2"]
[WhiteElo "2100"]
[BlackElo "2099"]
[PlyCount "111"]
[EventDate "2011.11.12"]
[EventType "team"]
[EventCountry "FRA"]
[SourceDate "2011.11.20"]
[WhiteTeam "La Membrolle Choisille"]
[BlackTeam "Echiquier Bordelais"]

1. e4 e6 2. Nc3 d5 3. d4 Bb4 4. exd5 exd5 5. Qf3 Qe7+ 6. Nge2 Nc6 7. Qd3 Bg4 8.
a3 Bxc3+ 9. Qxc3 Nf6 10. f3 Bf5 11. Bf4 h6 12. O-O-O Nd8 13. g4 Bg6 14. Bg3 Ne6
15. Nf4 Nxf4 16. Bxf4 O-O 17. Re1 Qd7 18. h4 Rae8 19. Be5 Re6 20. Qd2 Qa4 21.
Bd3 Ne8 22. h5 Bxd3 23. Qxd3 Nd6 24. Bxd6 Rxd6 25. Re7 Rd7 26. Rhe1 Rxe7 27.
Rxe7 Re8 28. Rxc7 Qa5 29. Qc3 Qb5 30. Kb1 a6 31. Rc8 Kh7 32. Rxe8 Qxe8 33. Qd3+
Kg8 34. Qf5 Qc6 35. Qe5 Qc4 36. Qe3 a5 37. b3 Qc6 38. Kb2 a4 39. Qc3 Qd7 40. b4
b5 41. Qc5 Kh7 42. Qc3 Kg8 43. Qe3 Kh7 44. Qe5 Kg8 45. Qe2 Kh7 46. Qg2 Qe7 47.
Qg1 Qc7 48. Qf2 Qd7 49. Qe2 Kg8 50. Qe5 Kh7 51. Qe2 Kg8 52. Kc1 Kh7 53. Kd2 Kg8
54. Qd3 Kh8 55. Qe3 Kg8 56. Qe2 $11 1/2-1/2

[Event "Nationale I"]
[Site "Bordeaux"]
[Date "2011.11.12"]
[Round "2.7"]
[White "Daumens, Michel"]
[Black "Vilain, Thomas"]
[Result "0-1"]
[WhiteElo "2148"]
[BlackElo "1850"]
[PlyCount "90"]
[EventDate "2011.11.12"]
[EventType "team"]
[EventCountry "FRA"]
[SourceDate "2011.11.20"]
[WhiteTeam "Echiquier Bordelais"]
[BlackTeam "La Membrolle Choisille"]

1. e4 e5 2. Nf3 Nc6 3. Bc4 Nf6 4. d3 Be7 5. Nc3 d6 6. h3 h6 7. Be3 Be6 8. Bb5
O-O 9. Qd2 a6 10. Ba4 b5 11. Bb3 Bxb3 12. axb3 d5 13. exd5 Nxd5 14. O-O f5 15.
Qe2 Nxc3 16. bxc3 Bd6 17. Nh2 Qh4 18. f3 a5 19. Bf2 Qf6 20. Rfe1 a4 21. Nf1
axb3 22. cxb3 Rxa1 23. Rxa1 b4 24. c4 e4 25. Rd1 exf3 26. Qxf3 Nd4 27. Qd5+ Ne6
28. c5 Bf4 29. Re1 Kf7 30. d4 Rd8 31. Qc4 c6 32. Qxb4 Nxd4 33. Qc4+ Kf8 34. Rd1
Be5 35. Ne3 f4 36. Ng4 Nf3+ 37. gxf3 Rxd1+ 38. Kg2 Qg6 39. Kh2 Bc7 40. Qa6 Qd3
41. Qc8+ Bd8 42. Ne5 Qe2 43. Qf5+ Bf6 44. Ng4 Qxf3 45. Qc8+ Kf7 0-1

[Event "Nationale I"]
[Site "Bordeaux"]
[Date "2011.11.12"]
[Round "2.8"]
[White "Saucey, Capucine"]
[Black "Boutant, Jade"]
[Result "1-0"]
[WhiteElo "1850"]
[BlackElo "1785"]
[PlyCount "67"]
[EventDate "2011.11.12"]
[EventType "team"]
[EventCountry "FRA"]
[SourceDate "2011.11.20"]
[WhiteTeam "La Membrolle Choisille"]
[BlackTeam "Echiquier Bordelais"]

1. e4 c5 2. Nf3 Nc6 3. d4 cxd4 4. Nxd4 Nf6 5. Nc3 d6 6. Be3 g6 7. f3 Bg7 8. Qd2
Bd7 9. Bc4 Na5 10. Bb3 Rc8 11. Bh6 O-O 12. Bxg7 Kxg7 13. O-O-O Nxb3+ 14. Nxb3
Qc7 15. g4 Bc6 16. h4 h5 17. gxh5 Nxh5 18. Nd4 Rfd8 19. Nf5+ Kf8 20. Qh6+ Ke8
21. Ng7+ Nxg7 22. Qxg7 e6 23. h5 gxh5 24. Rxh5 Qe7 25. e5 d5 26. Ne4 Kd7 27.
Nd6 Rc7 28. Rh7 Rf8 29. Rdh1 Kd8 30. Rh8 Rxh8 31. Rxh8+ Kd7 32. Rf8 Ba4 33.
Rxf7 Rxc2+ 34. Kb1 1-0

[Event "Nationale I"]
[Site "Bordeaux"]
[Date "2011.11.12"]
[Round "2.1"]
[White "Inkiov, Ventzislav"]
[Black "Salaun, Yann"]
[Result "0-1"]
[WhiteElo "2456"]
[BlackElo "2323"]
[PlyCount "122"]
[EventDate "2011.11.12"]
[EventType "team"]
[EventCountry "FRA"]
[SourceDate "2011.11.20"]
[WhiteTeam "Migné Auxences"]
[BlackTeam "Tours"]

1. d4 d6 2. e4 g6 3. Nc3 Bg7 4. h4 d5 5. exd5 Nf6 6. Bb5+ Nbd7 7. Nf3 O-O 8.
Bg5 Nb6 9. Bxf6 exf6 10. h5 Nxd5 11. hxg6 fxg6 12. Nxd5 Qxd5 13. Qe2 Be6 14. c4
Qd6 15. c5 Qd5 16. b3 Bf7 17. O-O-O c6 18. Bc4 Qd7 19. Qc2 Bxc4 20. Qxc4+ Qf7
21. Rde1 Rad8 22. Re7 Qxc4+ 23. bxc4 Rb8 24. Kc2 b6 25. cxb6 axb6 26. Rb1 Rfc8
27. a4 Bf8 28. Rd7 Ra8 29. Rxb6 Rxa4 30. Nd2 Re8 31. Kd3 f5 32. Rbb7 Ra3+ 33.
Nb3 Bh6 34. d5 cxd5 35. cxd5 Bf8 36. Kc3 Rc8+ 37. Kb2 Rca8 38. Nd4 Ra2+ 39. Kc3
Rxf2 40. Ne6 Rxg2 41. Rxh7 Rg4 42. d6 Ra3+ 43. Kb2 Re3 44. d7 Rg2+ 45. Ka1 Re1+
46. Rb1 Rxb1+ 47. Kxb1 Rd2 48. Kc1 Rd6 49. Nxf8 Kxf8 50. Kc2 f4 51. Kc3 f3 52.
Rh3 Rxd7 53. Rxf3+ Kg7 54. Rg3 Kf6 55. Rg1 g5 56. Kc4 Kf5 57. Rf1+ Ke4 58. Rg1
Rc7+ 59. Kb5 Kf4 60. Rf1+ Ke3 61. Rg1 Rg7 0-1

[Event "Nationale I"]
[Site "Bordeaux"]
[Date "2011.11.12"]
[Round "2.2"]
[White "Dieu, Bruno"]
[Black "Saada, Julien"]
[Result "1/2-1/2"]
[WhiteElo "2285"]
[BlackElo "2341"]
[PlyCount "32"]
[EventDate "2011.11.12"]
[EventType "team"]
[EventCountry "FRA"]
[SourceDate "2011.11.20"]
[WhiteTeam "Tours"]
[BlackTeam "Migné Auxences"]

1. Nf3 d5 2. d4 Nf6 3. e3 c6 4. c4 e6 5. Nbd2 Nbd7 6. b3 Bd6 7. Bb2 O-O 8. Bd3
b6 9. O-O Bb7 10. Ne5 c5 11. f4 Ne4 12. Nxd7 Qxd7 13. cxd5 exd5 14. Bxe4 dxe4
15. Nc4 Rad8 16. Nxd6 Qxd6 $11 1/2-1/2

[Event "Nationale I"]
[Site "Bordeaux"]
[Date "2011.11.12"]
[Round "2.3"]
[White "Bedouin, Xavier"]
[Black "Giacomini, Hector"]
[Result "1-0"]
[WhiteElo "2404"]
[BlackElo "2281"]
[PlyCount "250"]
[EventDate "2011.11.12"]
[EventType "team"]
[EventCountry "FRA"]
[SourceDate "2011.11.20"]
[WhiteTeam "Migné Auxences"]
[BlackTeam "Tours"]

1. d4 d5 2. c4 e6 3. Nf3 Nf6 4. g3 dxc4 5. Bg2 c5 6. O-O Nc6 7. Qa4 Bd7 8. Qxc4
Rc8 9. dxc5 Qa5 10. Nc3 Bxc5 11. Rd1 Ne5 12. Qb3 Nxf3+ 13. Bxf3 Bc6 14. Bxc6+
bxc6 15. Qc4 O-O 16. b3 Qb4 17. Qxb4 Bxb4 18. Na4 c5 19. a3 Ba5 20. Be3 c4 21.
Bc5 Rfd8 22. bxc4 Ne4 23. Bxa7 Rxc4 24. Bb6 Ra8 25. Bxa5 Rxa4 26. Bb4 h5 27.
Rac1 Nf6 28. Rc5 Nd5 29. Rb5 h4 30. Kg2 hxg3 31. hxg3 Rxa3 32. Bxa3 Nc3 33. Rb3
Nxd1 34. Rd3 Nxf2 35. Kxf2 Kh7 36. Bb2 Rb8 37. Be5 Rb5 38. Bf4 Kg6 39. Kf3 Rb7
40. Rc3 Ra7 41. Rc5 Ra4 42. Rg5+ Kh7 43. Be3 Rc4 44. Rg4 Rc3 45. Kf2 f6 46. Ra4
e5 47. Ra8 Rc4 48. Kf3 Kg6 49. Ra7 Kh7 50. Bd2 Kg6 51. Be1 Kh7 52. Ba5 Kg6 53.
Bd8 Rc3+ 54. e3 Rc4 55. Be7 Rc8 56. Ba3 Rd8 57. Ke4 Rb8 58. Bd6 Rh8 59. Kd5 Re8
60. Be7 Kf5 61. Bd6 Kg6 62. Bc5 Rh8 63. Ke6 Re8+ 64. Be7 Rb8 65. Bd6 Re8+ 66.
Re7 Rh8 67. Rb7 Re8+ 68. Kd5 Rh8 69. Ke4 Rd8 70. Bb4 Rc8 71. Kf3 Ra8 72. g4 Rh8
73. Bc5 Rc8 74. Ba3 Ra8 75. Bb4 Rh8 76. Bd2 Rd8 77. Be1 Rd1 78. Bf2 Rd8 79. e4
Rd3+ 80. Be3 Ra3 81. Rb8 Ra1 82. Rb2 Rh1 83. Rg2 Rf1+ 84. Bf2 Rb1 85. Rg1 Rb3+
86. Be3 Ra3 87. Rb1 Rc3 88. g5 Rc6 89. Rb4 Ra6 90. Kg4 Ra2 91. Rb1 Ra4 92. Kf3
Ra3 93. Rg1 f5 94. exf5+ Kxf5 95. Rd1 Ke6 96. Rd8 Ra5 97. Rb8 Kf5 98. Rf8+ Ke6
99. g6 Ra1 100. Rf7 Rf1+ 101. Bf2 Rh1 102. Kg4 Rf1 103. Kg3 Rh1 104. Be3 Rh8
105. Bg5 Rh1 106. Be3 Re1 107. Bf2 Rh1 108. Be3 Re1 109. Kf2 Rh1 110. Rxg7 Kf6
111. Rg8 Rh3 112. Bc1 Rh1 113. Ba3 Rh6 114. g7 Kf7 115. Rb8 Rf6+ 116. Ke3 Kxg7
117. Ke4 Re6 118. Kf5 Ra6 119. Rb7+ Kg8 120. Bb2 e4 121. Bf6 Ra2 122. Kg6 Rg2+
123. Bg5 Rf2 124. Rg7+ Kf8 125. Re7 Rf7 1-0

[Event "Nationale I"]
[Site "Bordeaux"]
[Date "2011.11.12"]
[Round "2.4"]
[White "Heurtebize, Olivier"]
[Black "Picard, Romain"]
[Result "1-0"]
[WhiteElo "2278"]
[BlackElo "2353"]
[PlyCount "50"]
[EventDate "2011.11.12"]
[EventType "team"]
[EventCountry "FRA"]
[SourceDate "2011.11.20"]
[WhiteTeam "Echiquier Bordelais"]
[BlackTeam "Migné Auxences"]

1. d4 e6 2. c4 b6 3. e4 Bb7 4. f3 f5 5. exf5 Nh6 6. Bd3 Qh4+ 7. Kf1 Qxd4 8.
fxe6 Bc5 9. Qe2 O-O 10. Bxh6 gxh6 11. Nc3 Nc6 12. Rd1 Qg7 13. Be4 Rad8 14. Rxd7
Rxd7 15. exd7 Qxd7 16. Qe1 Kh8 17. Nge2 Ba6 18. Nd5 Qe6 19. Qc3+ Kg8 20. Ndf4
Qxc4 21. Bd5+ Qxd5 22. Nxd5 Nd4 23. Ke1 Nxe2 24. Qe5 Bb5 25. b4 Bd4 1-0

[Event "Nationale I"]
[Site "Bordeaux"]
[Date "2011.11.12"]
[Round "2.5"]
[White "Velikov, Petar"]
[Black "Devallee, Jeremie"]
[Result "1-0"]
[WhiteElo "2417"]
[BlackElo "2125"]
[PlyCount "61"]
[EventDate "2011.11.12"]
[EventType "team"]
[EventCountry "FRA"]
[SourceDate "2011.11.20"]
[WhiteTeam "Migné Auxences"]
[BlackTeam "Tours"]

1. Nf3 Nf6 2. g3 g6 3. Bg2 Bg7 4. O-O O-O 5. c4 c5 6. Nc3 Nc6 7. d4 cxd4 8.
Nxd4 Nxd4 9. Qxd4 d6 10. Qd3 Nd7 11. b3 Rb8 12. Be3 Qa5 13. Rac1 Ne5 14. Qd2
Ng4 15. Nd5 Qxd2 16. Nxe7+ Kh8 17. Bxd2 Re8 18. Nxc8 Rxe2 19. Bc3 Bxc3 20. Rxc3
Rxc8 21. Bf3 Rxa2 22. Bxg4 f5 23. Bf3 b5 24. Rfc1 b4 25. Re3 a5 26. Bd5 Rb8 27.
Bc6 Rb6 28. Ba4 Kg7 29. Re7+ Kf6 30. Rce1 Ra1 31. R7e6+ 1-0

[Event "Nationale I"]
[Site "Bordeaux"]
[Date "2011.11.12"]
[Round "2.6"]
[White "Gaborit, Jean Pierre"]
[Black "Picard, Clement"]
[Result "0-1"]
[WhiteElo "2219"]
[BlackElo "2189"]
[PlyCount "86"]
[EventDate "2011.11.12"]
[EventType "team"]
[EventCountry "FRA"]
[SourceDate "2011.11.20"]

1. d4 e6 2. c4 Bb4+ 3. Bd2 Bxd2+ 4. Nxd2 d5 5. Ngf3 Nf6 6. e3 O-O 7. Qc2 Nbd7
8. Bd3 c6 9. O-O h6 10. Rfd1 Qe7 11. Qc3 Re8 12. e4 dxe4 13. Nxe4 c5 14. Nxc5
Nxc5 15. dxc5 Qxc5 16. b4 Qc7 17. Qe5 Qb6 18. a3 Ng4 19. Qd4 Qxd4 20. Nxd4 Bd7
21. c5 Ba4 22. Bb5 Bxd1 23. Bxe8 Rxe8 24. Rxd1 Rd8 25. Rd2 Ne5 26. Nb3 Rxd2 27.
Nxd2 Kf8 28. f4 Nd3 29. Nc4 Nxf4 30. Nd6 b6 31. c6 Nd5 32. Nb5 Ke7 33. Nxa7 Kd6
34. Kf2 f5 35. Kf3 g5 36. g4 Ne7 37. gxf5 exf5 38. Nb5+ Kxc6 39. Nc3 Kd6 40. h3
Ke5 41. a4 Nc6 42. b5 Nd4+ 43. Kf2 Nb3 0-1

[Event "Nationale I"]
[Site "Bordeaux"]
[Date "2011.11.12"]
[Round "2.7"]
[White "Fougerit, Valentin"]
[Black "Dutreuil, Raphael"]
[Result "1-0"]
[WhiteElo "2212"]
[BlackElo "1942"]
[PlyCount "82"]
[EventDate "2011.11.12"]
[EventType "team"]
[EventCountry "FRA"]
[SourceDate "2011.11.20"]
[WhiteTeam "Migné Auxences"]
[BlackTeam "Tours"]

1. e4 c5 2. Nf3 d6 3. Bb5+ Bd7 4. Bxd7+ Qxd7 5. c4 Nf6 6. Nc3 Nc6 7. d4 cxd4 8.
Nxd4 g6 9. f3 Bg7 10. Be3 O-O 11. O-O Rac8 12. Nde2 b6 13. Qd2 Qb7 14. Rfd1
Rfd8 15. Rac1 Ne5 16. b3 Nfd7 17. Nf4 Nc5 18. Qe2 a5 19. Nfd5 Rd7 20. Bd4 e6
21. Ne3 Ned3 22. Rxd3 Nxd3 23. Qxd3 e5 24. Bxb6 Qxb6 25. Rd1 Bh6 26. Ncd5 Bxe3+
27. Kf1 Qd4 28. Nxe3 Qxd3+ 29. Rxd3 a4 30. b4 Rb7 31. a3 Rc6 32. g4 Rd7 33. Rd5
Ra7 34. Kg2 Kf8 35. Kf2 Ke7 36. Ke2 Ke6 37. Kd3 Ra8 38. Rb5 h5 39. g5 f6 40.
Nd5 fxg5 41. Rb7 Re8 1-0

[Event "Nationale I"]
[Site "Bordeaux"]
[Date "2011.11.12"]
[Round "2.8"]
[White "Duval, Claire"]
[Black "Boulan, Laura"]
[Result "0-1"]
[WhiteElo "1698"]
[BlackElo "2007"]
[PlyCount "56"]
[EventDate "2011.11.12"]
[EventType "team"]
[EventCountry "FRA"]
[SourceDate "2011.11.20"]
[WhiteTeam "Migné Auxences"]
[BlackTeam "Tours"]

1. d4 d6 2. c4 f5 3. Nc3 Nf6 4. g3 g6 5. Bg2 Bg7 6. Nf3 O-O 7. O-O Qe8 8. Qc2
e5 9. dxe5 dxe5 10. e4 Nc6 11. Re1 f4 12. gxf4 Nh5 13. fxe5 Bg4 14. Nd4 Qxe5
15. h3 Qxd4 16. hxg4 Nf4 17. Ne2 Nh3+ 18. Bxh3 Qxf2+ 19. Kh1 Qxe1+ 20. Ng1 Rf2
21. Qd3 Nb4 22. Qg3 Qxe4+ 23. Bg2 Qc2 24. Be3 Rxg2 25. Qxg2 Qxg2+ 26. Kxg2 Nc2
27. Rc1 Nxe3+ 28. Kf3 Bxb2 0-1